Les plus gros transferts du football - Gardiens de but - 2015-2016 - Statistiques

Statistiques générales
  • Ce quiz a été pris 37 fois
  • Le résultat moyen est 4 sur 12
Statistiques - réponses
Montant de transfert (M €) Nationalité Venant de Allant à Joueur % Correct
14,00 République tchèque Chelsea Arsenal Petr Cech
94%
9,50 Allemagne E. Francfort Paris SG Kevin Trapp
81%
11,00 Bosnie-Herzégovine / Canada Stoke City Chelsea Asmir Begovic
58%
6,00 Espagne Esp. Barcelona Real Madrid Kiko Casilla
53%
7,00 Australie FC Bruges FC Valencia Mathew Ryan
53%
3,50 Suisse SC Fribourg Borussia Dortmund Roman Bürki
50%
3,50 Allemagne VfB Stuttgart Bayern Munich Sven Ulreich
28%
4,90 Angleterre QPR Crystal Palace Alex McCarthy
3%
7,05 Chine HZ Greentown JS Suning Chao Gu
3%
9,80 Chine Liaoning FC TJ Quanjian Lu Zhang
3%
3,50 Australie Borussia Dortmund VfB Stuttgart Mitchell Langerak
3%
6,70 Chine GZ R&F Guangzhou Evergrande Dianzuo Liu
0%
Aucun quiz correspondant
Distribution des résultats
% des personnes avec chaque résultat
Percentile par nombre de réponses
Votre historique - résultats
Vous n’avez pas pris ce quiz